Otisky /

Main Author: Šlosar, Dušan, 1930-2020
Other Authors: Steklík, Jan, 1938-2017
Language: Czech
Published: Praha : Dokořán, 2006
Edition: 1. vyd.
Subjects:
Online Access: Digitalizovaný dokument
Physical Description: 116 s. : il. ; 22 cm
Book
Saved in:
LEADER 01620nam a2200481 a 4500
001 nkc20061642173
003 CZ PrNK
005 20070111130035.0
007 ta
008 060209s2006 xr a e f 000 e cze
015 |a cnb001642173 
020 |a 80-7363-029-X  |q (váz.) :  |c Kč 175,00 
035 |a (OCoLC)70219550 
040 |a ABA001  |b cze 
072 7 |a 811.162.3  |x Čeština  |2 Konspekt  |9 11 
080 |a 811.162.3  |2 MRF 
080 |a 81'0  |2 MRF 
080 |a 81'373.6  |2 MRF 
080 |a (0.062)  |2 MRF 
080 |a (0:82-4)  |2 MRF 
100 1 |a Šlosar, Dušan,  |d 1930-2020  |7 jk01130484  |4 aut 
245 1 0 |a Otisky /  |c Dušan Šlosar, [ilustrace] Jan Steklík 
250 |a 1. vyd. 
260 |a Praha :  |b Dokořán,  |c 2006 
300 |a 116 s. :  |b il. ;  |c 22 cm 
504 |a Obsahuje bibliografii 
650 0 7 |a čeština  |7 ph135292  |2 czenas 
650 0 7 |a vývoj jazyka  |7 ph187610  |2 czenas 
650 0 7 |a etymologie  |7 ph135251  |2 czenas 
650 0 9 |a Czech language  |2 eczenas 
650 0 9 |a history of language  |2 eczenas 
650 0 9 |a etymology  |2 eczenas 
655 7 |a populárně-naučné publikace  |7 fd131864  |2 czenas 
655 7 |a eseje  |7 fd132213  |2 czenas 
655 9 |a popular works  |2 eczenas 
655 9 |a essays  |2 eczenas 
700 1 |a Steklík, Jan,  |d 1938-2017  |7 jn20000402280  |4 ill 
856 4 1 |u http://www.digitalniknihovna.cz/mzk/uuid/uuid:b6faec70-c230-11ed-98a8-5ef3fc9bb22f  |y Digitalizovaný dokument  |x NDK 
910 2 |a BOA001  |b 2-1165.030 
990 |a BK 
995 |a 01 
991 |b 200603  |c NOV 
996 6 |b 2610271965  |c 2-1165.030  |l MZK  |r Sklad / do 1 hodiny  |n 8  |p p.v.  |w 000808534  |u 000010  |a 1  |e BOA001  |j MZK50  |s P